000 00487nam a2200193Ia 4500
008 101110s9999 xx 000 0 und d
041 _aENGLISH
082 _bSR14030
_a651.75
100 _aMurphy and Peck
245 _aEffective Business Communications
365 _b39
520 _aCommerce
546 _aENGLISH
630 _aEffective Business Communications
650 _aCommerce
655 _aCommerce
730 _aEffective Business Communications
942 _cBOOK
999 _c808143
_d808140